000 01650nam a22001577a 4500
041 _aukr
080 _a09
090 _bБОБ
100 _aБобков В. О.
245 _aСетиматичні особливості аглійських фразеологізмів з компонентами-назвами метрологічних одиниць
260 _aОстрог
_bКАФ
_c2006
300 _a75
520 _aВступ. Розділ 1. Основні поняття фразеології. 1.1. Питання лінгвістичного статусу компонента ФО. 1.2. Проблема синонімії та варіантості ФО. 1.3. Фразеологія та нумерологія. 1.4. Основні методи дослідження та опису ФО. Розділ 2. Характеристика англійських ФО з компонентами-назвами метрологічних одиниць. 2.1. Семантика ФО з компонентом-загальною назвою метрологічних одиниць measure. 2.2. Семантика ФО з компонентом-назвою лінійної міри inch. 2.3. Семантика ФО з компонентом-назвою лінійної міри step. 2.4. Семантика ФО з компонентом-назвою лінійної міри foot. 2.5. Семантика ФО з компонентами-назвами інших метродогічних одиниць. Висновки.
_0фразеологія, семантика
650 _aResearch Papers
999 _c283436
_d283436
942 _cBK